000 01432nam a2200325 a 4500
001 ebr10749510
003 CaPaEBR
006 m o u
007 cr cn|||||||||
008 130905s2013 alu sb 001 0 eng d
020 _z9780817313821
020 _z9780817387037 (e-book)
040 _aCaPaEBR
_cCaPaEBR
035 _a(OCoLC)859162398
050 1 4 _aPS217.I47
_b.R69 2013eb
082 0 4 _a810.9/358
_223
100 1 _aRoylance, Patricia Jane.
245 1 0 _aEclipse of empires
_h[electronic resource]
_bworld history in nineteenth-century U.S. literature and culture /
_cPatricia Jane Roylance.
260 _aTuscaloosa, Ala. :
_bUniversity Alabama Press,
_cc2013.
300 _a1 online resource (x, 225 p.)
504 _aIncludes bibliographical references and index.
533 _aElectronic reproduction.
_bPalo Alto, Calif. :
_cebrary,
_d2015.
_nAvailable via World Wide Web.
_nAccess may be limited to ebrary affiliated libraries.
588 _aDescription based on online resource; title from title page (ebrary, viewed September 5, 2013).
650 0 _aAmerican literature
_y19th century
_xHistory and criticism.
650 0 _aImperialism in literature.
650 0 _aWorld history in literature.
655 7 _aElectronic books.
_2local
710 2 _aebrary, Inc.
856 4 0 _uhttp://site.ebrary.com/lib/rucke/Doc?id=10749510
_zAn electronic book accessible through the World Wide Web; click to view
999 _c113967
_d113967